Did Tom Hanks Get the Girl? Quiz Stats

 Plays Quiz Updated Jul 9, 2015

Challenge
Share
Tweet
Embed
Score 0/16 Timer 03:00
0 Plays Today
Movie (Love Interest) Together? Y or N % Correct
Sleepless in Seattle (Meg Ryan)???
92.3%
You've Got Mail (Meg Ryan)???
91.1%
Apollo 13 (Kathleen Quinlan)???
79.5%
Splash (Daryl Hannah)???
77.2%
Cast Away (Wilson)???
75.5%
A League of Their Own (Geena Davis)???
73.2%
Big (Elizabeth Perkins)???
72.5%
Larry Crowne (Julia Roberts)???
69.8%
Movie (Love Interest) Together? Y or N % Correct
Philadelphia (Antonio Banderas)???
66.5%
Every Time We Say Goodbye (Cristina Marsillach)???
65.4%
The Money Pit (Shelley Long)???
61.1%
Extremely Loud & Incredibly Close (Sandra Bullock)???
58.7%
Forrest Gump (Robin Wright)???
57.9%
The Terminal (Catherine Zeta-Jones)???
55.5%
Bachelor Party (Tawny Kitaen)???
45.2%
The Man with One Red Shoe (Lori Singer)???
38.1%

You're not logged in!

Compare scores with friends on all Sporcle quizzes.
Join for Free
OR
Log In

You Might Also Like...

Show Comments

Extras

Top Quizzes Today


Score Distribution

Your Account Isn't Verified!

In order to create a playlist on Sporcle, you need to verify the email address you used during registration. Go to your Sporcle Settings to finish the process.

Report this User

Report this user for behavior that violates our Community Guidelines.

Details: